000
00295nam a22001097a 4500
082
_a
669.142 STE'B
100
_a
BENBOW, W. E
_9
80042
245
_a
STEELS IN MODERN INDUSTRY A COMPREHENSIVE SURVEY BY 29 SPECIALIST CONTROBUTORS
260
_a
LONDON
_b
ILIFFE
_c
1953
300
_a
562P
942
_c
BK
999
_c
585021
_d
585021